| 000 | 00810nam a2200229 i 4500 | ||
|---|---|---|---|
| 001 | 122300 | ||
| 003 | ES-MaACL | ||
| 005 | 20250809063516.0 | ||
| 007 | t| | ||
| 008 | 070523s1871 sp ||||1| spa d | ||
| 080 | _a32 | ||
| 100 | 1 |
_aChateaubriand, François-René, _cvicomte de, _d1768-1848 _938177 |
|
| 245 | 1 | 0 |
_aMiscelaneas políticas / _cpor F. A. de Chateaubriand ; traducción de Francisco Madina-Veytia. |
| 260 |
_aMadrid : _bImprenta de Gaspar y Roig, editores, _c1871. |
||
| 300 |
_a216 p. : _bil. ; _c18 cm. |
||
| 490 | 1 | _aBiblioteca ilustrada de Gaspar y Roig | |
| 650 | 7 |
_aPolítica _2embne _9140345 |
|
| 700 | 1 |
_aMadina-Veytia, Francisco. _975319 |
|
| 830 | 0 |
_aBiblioteca ilustrada de Gaspar y Roig _9177255 |
|
| 852 |
_aES-MaACL _jG-5397 _bR.142099 |
||
| 999 |
_c122300 _d122300 |
||